000 00542nam a2200193Ia 4500
005 20250508160244.0
008 008 250505s9999 xx 000 0 eng d
037 _aTextual
040 _aFEDL
_beng
_cFEDL
041 _aeng
_2eng
084 _a370.15, CEN
_qFEDL
245 0 _aReport of the seminar on educational psychology
245 0 _cFor Senior Lectures in Teacher Training Institutions
260 _c1960
300 _aii,57p.
650 _aEducation
942 _cTEXL
_h370.15, CEN
999 _c1363113
_d1363113